000 01371cam a2200397 i 4500
001 data
005 20260322212116.0
008 data
035 _a21101040
906 _a7
_bcbc
_ccopycat
_d2
_encip
_f20
_gy-gencatlg
925 0 _aacquire
_b1 shelf copy
_xpolicy default
010 _a 2019297467
015 _aGBB8C9925
_2bnb
016 7 _a018972550
_2Uk
020 _a9781435167292
_q(hbk.)
020 _a1435167295
035 _a(OCoLC)1063690444
040 _aUKMGB
_beng
_cUKMGB
_erda
_dDLC
_dOCLCF
_dYDX
_dDLC
042 _alccopycat
050 0 0 _aPZ8
_b.T74152 2018
082 0 4 _a398.2
_223
245 0 0 _aTreasury of best-loved fairy tales.
264 1 _aNew York :
_bBarnes & Noble,
_c2018.
300 _a390 pages :
_billustrations (some color) ;
_c27 cm
336 _atext
_2rdacontent
336 _astill image
_2rdacontent
337 _aunmediated
_2rdamedia
338 _avolume
_2rdacarrier
490 0 _a[Barnes & Noble leatherbound classics]
520 _aA collection of thirty-five fairy and folk tales from the well-known, such as The Frog Prince, to the less familiar, such as The Bogey-Beast, with illustrations by Arthur Rackham and others.
650 0 _aFairy tales.
650 1 _aFairy tales.
650 1 _aFolklore.
650 7 _aFairy tales.
_2fast
_0(OCoLC)fst00919916
999 _c1759
_d1759